000 00697nam a2200277Ia 4500
005 20260324141122.0
008 008 260324s9999 xx 000 0 eng d
020 _a9781315799421
037 _aEBOOK
040 _aCRL
040 _beng
040 _cCRL
041 _2eng
041 _aeng
084 _qCRL
100 _aNancy L. Stein; Charles Brainerd; Peter A. Ornstein; Barbara Tversky
_91206988
245 0 _aMemory for Everyday and Emotional Events
260 _bTaylor and Francis
260 _c1997
365 _a
365 _b210
856 _uhttp://www.taylorfrancis.com/books/9781315799421
942 _cEBOOK
999 _c1809744
_d1809744